India has second thoughts over rubber in WTO parleys (Record no. 61032)

MARC details
000 -LEADER
fixed length control field 00322nam a2200133Ia 4500
245 #0 - TITLE STATEMENT
Title India has second thoughts over rubber in WTO parleys
260 ## - PUBLICATION, DISTRIBUTION, ETC. (IMPRINT)
Name of publisher Planters Chronicle
Year of publication 2002
300 ## - PHYSICAL DESCRIPTION
Number of Pages 502
650 ## - SUBJECT ADDED ENTRY--TOPICAL TERM
Topical Term India
650 ## - SUBJECT ADDED ENTRY--TOPICAL TERM
Topical Term Rubber
650 ## - SUBJECT ADDED ENTRY--TOPICAL TERM
Topical Term WTO
942 ## - ADDED ENTRY ELEMENTS (KOHA)
Koha item type Journals
Holdings
Withdrawn status Lost status Damaged status Not for loan Home library Current library Shelving location Date acquired Serial Enumeration / chronology Koha item type
      Journals RRII Library RRII Library Rubber general 01/01/2021 Volume 98, Issue 12 Journals